| 000 | 02676cam a2200565 a 4500 | ||
|---|---|---|---|
| 001 | ocn316549701 | ||
| 005 | 20250205130739.0 | ||
| 006 | m o d | ||
| 007 | cr cn||||||||| | ||
| 008 | 090320s1975 ne a ob 001 0 eng d | ||
| 020 | _a9780444412980 | ||
| 020 | _a0444412980 | ||
| 020 |
_a9780080870489 _q(electronic bk.) |
||
| 020 |
_a0080870481 _q(electronic bk.) |
||
| 020 |
_a9786611772116 _q(electronic bk.) |
||
| 020 | _a6611772111 | ||
| 040 |
_aKO _beng |
||
| 041 | 0 | _aeng | |
| 043 | _aw------ | ||
| 060 | 4 |
_aWA 689 _bT856 1975 |
|
| 082 | 0 | 4 |
_a574.5/2636 _222 |
| 245 | 0 | 0 |
_aTropical marine pollution / _cedited by E.J. Ferguson Wood and R.E. Johannes. |
| 260 |
_aAmsterdam ; _aNew York : _bElsevier Scientific Pub. Co., _c1975. |
||
| 300 |
_a1 online resource (ix, 192 pages) : _billustrations |
||
| 338 | _aonline resource | ||
| 490 | 1 |
_aElsevier oceanography series ; _v12 |
|
| 504 | _aIncludes bibliographical references (pages 154-181) and index. | ||
| 505 | 0 | _aIntroduction : marine communities respond differently to pollution in the tropics than at higher latitudes / R.E. Johannes and Susan B. Betzer -- Pollution and degredation of coral reef communities / R.E. Johannes -- The response of mangroves to man-induced environmental stress / William E. Odum and R.E. Johannes -- Tropical sea grass ecosystems and pollution / J.C. Zieman -- Effects of thermal pollution on tropical-type estuaries, with emphasis on Biscayne Bay, Florida / J.C. Zieman and E.J. Ferguson Wood -- Biological impact of a large-scale desalination plant at Key West, Florida / Richard H. Chesher. | |
| 650 | 0 |
_aMarine pollution _zTropics. |
|
| 650 | 0 | _aMarine biology. | |
| 650 | 2 |
_aMarine Biology _0(DNLM)D008386 |
|
| 650 | 2 |
_aWater Pollution _0(DNLM)D014876 |
|
| 650 | 6 |
_aPollution marine _0(CaQQLa)201-0005872 _zR�egions tropicales. _0(CaQQLa)201-0421857 |
|
| 650 | 6 |
_aBiologie marine. _0(CaQQLa)201-0003896 |
|
| 650 | 7 |
_amarine biology. _2aat _0(CStmoGRI)aat300264402 |
|
| 650 | 7 |
_aNATURE _xAnimals _xMarine Life. _2bisacsh |
|
| 650 | 7 |
_aMarine biology. _2fast _0(OCoLC)fst01009447 |
|
| 650 | 7 |
_aMarine pollution. _2fast _0(OCoLC)fst01009826 |
|
| 651 | 7 |
_aTropics. _2fast _0(OCoLC)fst01240674 |
|
| 653 |
_aMarine ecosystems _aEffects of pollution Tropical regions |
||
| 700 | 1 | _aWood, E. J. Ferguson. | |
| 700 | 1 |
_aJohannes, R. E. _q(Robert Earle), _d1936-2002. |
|
| 830 | 0 |
_aElsevier oceanography series ; _v12. |
|
| 856 | _uhttps://www.sciencedirect.com/science/book/9780444412980 | ||
| 856 | _uhttps://www.sciencedirect.com/science/bookseries/04229894/12 | ||
| 904 | _aRUDRA_R | ||
| 905 | _aR_RANJAN | ||
| 942 |
_2ddc _cEB |
||
| 999 |
_c3335 _d3335 |
||